Регионална библиотека "Любен Каравелов" - Русе

Чужди светове (Запис номер 24027)

MARC детайли
000 -Лидер
Контролно поле с фиксирана дължина 01246nam a2200337 c 4500
003 - Код на организацията, давaща контролен номер
Контролно поле BLK
005 - Дата и час на последна редакция
Контролно поле 20180422095452.0
008 - Елементи от данни с фиксирана дължина
fixed length control field 180413b bul|||||r ||||||| ||bul||
010 ## - Наследен системен номер
LC control number KNG00026528000
040 ## - Източник на каталожния запис
Идентификатор на билиотеката - собственик на записа BLK
041 ## - Код за език
Код за езика на текст/звукозапис или на отделно заглавие Български
Код за езика КДБФ Български
080 ## - УДК
Текстов определител УДК Английска литература
УДК код - определител по УДК 821.111
УДК определител -322.9
УДК - код + определител 821.111-322.9
080 ## - УДК
Текстов определител УДК Американска литература (на САЩ)
УДК код - определител по УДК 821.111(73)
УДК определител -322.9
УДК - код + определител 821.111(73)-322.9
139 ## - Редно поле
Редна дума Чужди светове
Авторски знак Чуд - Ч 94
245 10 - Сведения за заглавието
Заглавие Чужди светове
Подзаглавни данни Сб. разкази
Редно поле (дума) състав. и прев. Григор Попхристов.
257 ## - Страна на издаване
Страна на създаване/издаване Великобритания
-- Съединени американски щати
260 ## - Област на издателските данни
-- Бургас
Име на издателя, разпространителя и проч. Офир
Година на издаване 1998
300 ## - Физическа характеристика
Страници 355 с.
Размери/Мащаб 21 см
380 ## - Жанр
Жанр Худож. лит.
490 1# - СЕРИИ (Колекции)
Име на серия Библиотека Фантастика
№: серия 027
490 1# - СЕРИИ (Колекции)
-- Подсерия
Име на серия Антологии на въображението
500 ## - Общи забележки
Забележка Офс. изд. - 1 000 тир.
653 ## - Ключова дума – ненормативна
Ключова дума фантастика
653 ## - Ключова дума – ненормативна
Ключова дума разкази
700 1# - Други автори (авторска отговорност)
Лично име Попхристов, Григор
Автороска отговорност (Описва отношението между автора и произведението) състав. и прев.
9 (RLIN) 365911
852 ## - Местоположение
Форматна сигнатура Цб 199620
856 4# - Електронен адрес и достъп
Електронен формат pdf - файл
Път до файла /url/
856 4# - Електронен адрес и достъп
Електронен формат pdf - файл
Път до файла /url/
942 ## - АРТИКУЛИ
Вид на библиотечния материал Книги
Скрит в OPAC Не
944 ## - СЪЗДАВАНЕ И РЕДАКЦИЯ на ЗАПИСА
Създаване/Редакция Създаване
Дата на регистрацията/редакция 15.01.2003
Служител, извършил регистрацията/редакцията Людмила_Стоянова
944 ## - СЪЗДАВАНЕ И РЕДАКЦИЯ на ЗАПИСА
Създаване/Редакция Редакция
Дата на регистрацията/редакция 04.08.2006
Служител, извършил регистрацията/редакцията
999 ## - СИСТЕМНИ КОНТРОЛНИ НОМЕРА
Koha biblionumber 24027
Koha biblioitemnumber 24027
Наличности
Код за отписване Код за изгубен артикул Източник на класификационната схема Код за повреда Коз за рестрикции Код за отдаване Артикулен № Име на библиотеката - собственик Име на библиотеката, в която се намира в момента Статус (Текущо местоположение) Дата на вписване в системата Местоположение - отдел Цена в лева Инвентарен номер Систематично азбучна сигнатура Баркод Номер на екземпляра Цена в евро Служебна бележка Служебен тип на артикула
  Не е изгубен Universal Decimal Classification Не е повреден без рестрикции ползва се в читалня 39721 Регионална библиотека "Любен Каравелов" Русе Регионална библиотека "Любен Каравелов" Русе Хранилище 2001-01-01 Хранилище 4.90 646678 Цб 199620 120000646678 1 2.51 Дост: Dp Вид: Д N: стар фонд Дата: 01.01.1998 Книги
  Не е изгубен   Не е повреден без рестрикции заемане за дома 39722 Регионална библиотека "Любен Каравелов" Русе Регионална библиотека "Любен Каравелов" Русе Детски отдел 2006-07-25 Детски отдел 4.00 120000703740 ДХ 820/899/Ч 94 120000703740 2 2.05 Дост: Pk Вид: Ф N: 33 Дата: 19.07.2006 Дата инв: 11.08.2015 Бележки инв: Д2015 Книги
Vip Innovations Ltd, Rousse, Bulgaria 2025